Gerwyn Price Quiz - Statistiken

Allgemein
  • Dieses Quiz wurde 165 mal gespielt
  • Das Durchschnittsergebnis liegt bei 8 aus 12
Antwortstatistiken
Frage Antwort % Korrekt
Nationalität Wales
100%
Spitzname The Iceman / Gezzy
98%
diesen Sport übte Price aus bevor er Darts Profi wurde Rugby
91%
Jahr in dem Price erstmals die WM gewann 2021
90%
Walk-On Song Ice Ice Baby
86%
Spieler, an dessen Seite Price mehrfach den World Cup Of Darts gewonnen hat Jonny Clayton
83%
Jahr seit dem Price Darts spielt 2010
78%
Erstes PDC Major Turnier, das Price gewonnen hat (Tipp: Das Finale gewann er in einem sehr kontroversem Spiel gegen Gary Anderson) Grand Slam of Darts
61%
Hersteller seiner Darts Red Dragon
57%
Walk-On Song, den Price für eine kurze Zeit im Jahr 2022 verwendete Roar
39%
Geburts-/Wohnort Markham
28%
Zweiter Vorname Stephen
28%
Keine übereinstimmenden Quizze gefunden
Verteilung der Resultate
Anzahl Personen mit jedem Resultat
Perzentil nach korrekt beantworteten Fragen
Ihre Resultats-Entwicklung
Sie haben dieses Quiz noch nicht gespielt